[Event "St Petersburg Korchnoi Memorial op"]
[Site "St Petersburg"]
[Date "2024.08.19"]
[Round "5"]
[White "Elyasina, Darya"]
[Black "Tomsky, Vladislav"]
[Result "0-1"]
[WhiteElo "1627"]
[BlackElo "1888"]
[PlyCount "98"]
[EventDate "2024.08.17"]
[EventType "swiss"]
[EventRounds "9"]
[EventCountry "RUS"]
[SourceTitle "EXT 2025"]
[Source "ChessBase"]
[SourceDate "2024.10.14"]
[SourceVersion "1"]
[SourceVersionDate "2024.10.14"]
[SourceQuality "1"]

1. d4 d5 2. c4 c6 3. cxd5 cxd5 4. Nc3 Nc6 5. Bf4 Nf6 6. e3 a6 7. Bd3 e6 8. Rc1 Be7 9. h3 0-0 10. Nf3 b5 11. 0-0 Bb7 12. Ne5 Nxe5 13. Bxe5 Rc8 14. Qe2 Nd7 15. Bf4 Qa5 16. a3 Nb6 17. Nb1 Nc4 18. b4 Qb6 19. Qa2 a5 20. Qb3 axb4 21. axb4 Ra8 22. Qc2 g6 23. Qc3 Ra4 24. Bxc4 bxc4 25. e4 Rxb4 26. exd5 Bxd5 27. Nd2 Qc6 28. f3 Ra4 29. Qe3 Ra3 30. Qe1 Rc8 31. Ne4 Bxe4 32. fxe4 Bf6 33. Qf2 Qd7 34. e5 Bg7 35. Rfd1 Qd5 36. Bg5 c3 37. Rf1 Ra7 38. Bd2 c2 39. Be3 Rac7 40. Kh1 Bf8 41. Qf6 Qe4 42. Qf3 Qxf3 43. gxf3 Ba3 44. Ra1 c1Q 45. Bxc1 Rxc1 46. Raxc1 Rxc1 47. Rxc1 Bxc1 48. Kg2 Bb2 49. d5 exd5 0-1